[Event "Istanbul op-A 12th"]
[Site "Istanbul"]
[Date "2013.10.16"]
[Round "6"]
[White "Erdogan, Gursoy"]
[Black "Kuseyri, Mehmet Ali"]
[Result "0-1"]
[WhiteElo "1836"]
[BlackElo "2046"]
[PlyCount "76"]
[EventDate "2013.10.12"]
[EventType "swiss"]
[EventRounds "9"]
[EventCountry "TUR"]
[SourceTitle "EXT 2014"]
[Source "ChessBase"]
[SourceDate "2013.11.20"]
[SourceVersion "1"]
[SourceVersionDate "2013.11.20"]
[SourceQuality "1"]

1. e4 c5 2. Nc3 d6 3. d3 Nc6 4. g3 g6 5. Bg2 Bg7 6. Nf3 Nf6 7. 0-0 0-0 8. h3 Rb8 9. a4 a6 10. Be3 b5 11. axb5 axb5 12. Qd2 b4 13. Nd1 Nd7 14. Bh6 Nde5 15. Nxe5 dxe5 16. Bxg7 Kxg7 17. Ne3 Be6 18. f4 f6 19. b3 exf4 20. gxf4 Nd4 21. Ra7 Ra8 22. Rxa8 Qxa8 23. f5 Bf7 24. Rf2 g5 25. h4 h6 26. hxg5 hxg5 27. e5 Qa1+ 28. Rf1 Qb2 29. Rf2 Rh8 30. e6 Bh5 31. Bd5 Qa1+ 32. Nf1 Bg4 33. Rg2 Bf3 34. Rxg5+ fxg5 35. Qxg5+ Kf8 36. f6 Rh1+ 37. Kf2 Qxf1+ 38. Ke3 Qc1+ 0-1

[Event "Istanbul op-A 11th"]
[Site "Istanbul"]
[Date "2012.08.31"]
[Round "2"]
[White "Omar, Abdulwahab"]
[Black "Erdogan, Gursoy"]
[Result "1-0"]
[WhiteElo "2031"]
[BlackElo "1831"]
[PlyCount "83"]
[EventDate "2012.08.30"]
[EventType "swiss"]
[EventRounds "9"]
[EventCountry "TUR"]
[SourceTitle "CBM 150 Extra"]
[Source "ChessBase"]
[SourceDate "2012.10.19"]
[SourceVersion "1"]
[SourceVersionDate "2012.10.19"]
[SourceQuality "1"]

1. c4 g6 2. g3 Bg7 3. Bg2 Nf6 4. Nc3 e5 5. Nf3 d6 6. 0-0 0-0 7. d3 Nc6 8. Rb1 Re8 9. e4 Bg4 10. h3 Bxf3 11. Bxf3 Nd4 12. Bg2 c6 13. Be3 Nh5 14. b4 f5 15. exf5 Nxf5 16. g4 Nxe3 17. fxe3 Nf6 18. b5 Rc8 19. Qa4 cxb5 20. Rxb5 e4 21. g5 Nh5 22. Nxe4 Rxe4 23. Bxe4 Rc5 24. Rxc5 dxc5 25. h4 Qb8 26. Rf3 Qc8 27. Bd5+ Kh8 28. Bxb7 Qb8 29. Qd7 h6 30. Qc8+ Qxc8 31. Bxc8 Kh7 32. Rf7 Ng3 33. Rxa7 Nf5 34. Bxf5 gxf5 35. a4 hxg5 36. hxg5 Kg6 37. a5 f4 38. exf4 Bd4+ 39. Kg2 Kf5 40. a6 Be3 41. Rf7+ Kg4 42. g6 1-0

[Event "Istanbul op-A 10th"]
[Site "Istanbul"]
[Date "2011.09.12"]
[Round "1"]
[White "Erdogan, Gursoy"]
[Black "Neverov, Valeriy"]
[Result "0-1"]
[WhiteElo "1893"]
[BlackElo "2508"]
[PlyCount "68"]
[EventDate "2011.09.12"]
[EventType "swiss"]
[EventRounds "9"]
[EventCountry "TUR"]
[SourceTitle "CBM 144 Extra"]
[Source "ChessBase"]
[SourceDate "2011.10.28"]
[SourceVersion "1"]
[SourceVersionDate "2011.10.28"]
[SourceQuality "1"]

1. g3 d5 2. Bg2 c6 3. d4 Nf6 4. Nf3 Bf5 5. c4 e6 6. Nc3 Nbd7 7. Qb3 Qb6 8. c5 Qa6 9. 0-0 h6 10. Re1 b6 11. cxb6 axb6 12. Nh4 Bh7 13. e4 dxe4 14. Nxe4 Nd5 15. Bd2 Be7 16. Nc3 Nb4 17. Ne4 Qa4 18. Qc3 0-0 19. b3 Qa3 20. Bc1 Qa5 21. a3 Nc2 22. b4 Qa4 23. Bb2 Nxa1 24. Rxa1 Bxe4 25. Bxe4 Rac8 26. Rc1 c5 27. Bc2 Qa6 28. Qe3 cxb4 29. axb4 Qa2 30. Ng6 fxg6 31. Bb3 Qxb2 32. Bxe6+ Kh7 33. Rxc8 Rxc8 34. Bxd7 Qc1+ 0-1